Apuntes metodológicos para el trabajo de campo /
Guardado en:
| Autor Corporativo: | |
|---|---|
| Otros Autores: | |
| Formato: | Libro |
| Lenguaje: | Spanish |
| Publicado: |
Managua, Nicaragua ?
INIEP
1993
|
| Materias: | |
| Etiquetas: |
Agregar Etiqueta
Sin Etiquetas, Sea el primero en etiquetar este registro!
|
MARC
| LEADER | 00000nam a22000007a 4500 | ||
|---|---|---|---|
| 003 | cru CIDCACS/IIS | ||
| 005 | 20170407102029.0 | ||
| 008 | 170407b1993 nq ||||| |||| 00| | spa d | ||
| 040 | |c cru CIDCACS/IIS | ||
| 090 | |a 00.00.00 IXXa | ||
| 110 | 1 | |9 4113 |a Instituto Nicaraguense de Investigación y Educación Popular Edgar Silva S. |b Programa de Formación de Dirigentes Populares | |
| 245 | 1 | 0 | |a Apuntes metodológicos para el trabajo de campo / |c recopilación y texto Carlos Aguirre |
| 260 | |a Managua, Nicaragua ? |b INIEP |c 1993 | ||
| 300 | |a 74 páginas | ||
| 500 | |a Colección Alforja | ||
| 650 | 1 | 0 | |9 291 |a EDUCACION POPULAR |
| 650 | 4 | |9 3211 |a METODOLOGIA | |
| 650 | 1 | 0 | |9 292 |a CAPACITACION |
| 650 | 1 | 0 | |9 2519 |a COMUNIDADES |
| 650 | 1 | 0 | |9 4115 |a LIDERAZGO |
| 700 | 1 | |9 4114 |a Aguirre, Carlos |e compilador | |
| 942 | |2 ddc |c LI | ||
| 999 | |c 19157 |d 19157 | ||
